|
|
|
|
| LEADER |
02037nam a22003972a 4500 |
| 001 |
000225707 |
| 003 |
CZ BrMZK |
| 005 |
20070313135504.0 |
| 007 |
ta |
| 008 |
950101s1990 xr f cze d |
| 015 |
|
|
|a cnb000055146
|
| 035 |
|
|
|a (OCoLC)39439551
|
| 040 |
|
|
|a BOA001
|b cze
|
| 100 |
1 |
|
|a Bušta, Pavel,
|d 1946-
|7 xx0015312
|4 aut
|
| 245 |
1 |
0 |
|a Nová pravidla silničního provozu a testové otázky /
|c Pavel Bušta, Antonín Seidl, František Fobl
|
| 250 |
|
|
|a 1. vyd.
|
| 260 |
|
|
|a Praha :
|b Naše vojsko,
|c 1990
|
| 300 |
|
|
|a 254 s.
|
| 500 |
|
|
|a Dostupné též v digitální podobě v aplikaci Kramerius
|
| 700 |
1 |
|
|a Seidl, Antonín,
|d 1948-
|7 xx0023076
|4 aut
|
| 700 |
1 |
|
|a Fobl, František
|7 jx20051124029
|4 aut
|
| 856 |
4 |
1 |
|u http://www.digitalniknihovna.cz/mzk/uuid/uuid:19401a90-0008-11e8-b1a1-005056827e52
|y Digitalizovaný dokument
|x NDK
|
| 910 |
|
|
|a BOA001
|b 3-0954.234
|b PK-N-0028.449
|b TK-A-0243.670
|
| 964 |
|
|
|a Provoz silniční - pravidla - testy - učebnice
|
| 964 |
|
|
|a Autoškoly - učebnice
|
| 990 |
|
|
|a BK
|
| 991 |
|
|
|b 200702
|
| 996 |
6 |
|
|b 2619705939
|c 3-0954.234
|l MZK
|r Sklad / do 1 hodiny
|n 0
|w 000225707
|u 000020
|a 1
|e BOA001
|j MZK50
|s P
|
| 996 |
7 |
|
|b 2619913721
|c 3-0954.234
|l MZK
|r Sklad / do 1 hodiny
|n 0
|w 000225707
|u 000040
|a 1
|e BOA001
|j MZK50
|s A
|
| 996 |
7 |
|
|b 2629974232
|c TK-A-0243.670
|l MZK
|r Sklad / do 24 hodin
|n 0
|w 000225707
|u 000100
|a 1
|e BOA001
|j MZK50
|s A
|
| 996 |
7 |
|
|b 2629974233
|c TK-A-0243.670
|l MZK
|r Sklad / do 24 hodin
|n 0
|w 000225707
|u 000080
|a 1
|e BOA001
|j MZK50
|s A
|
| 996 |
7 |
|
|b 2629974234
|c TK-A-0243.670
|l MZK
|r Sklad / do 24 hodin
|n 0
|w 000225707
|u 000070
|a 1
|e BOA001
|j MZK50
|s A
|
| 996 |
7 |
|
|b 2629974235
|c TK-A-0243.670
|l MZK
|r Sklad / do 24 hodin
|n 0
|w 000225707
|u 000060
|a 1
|e BOA001
|j MZK50
|s A
|
| 996 |
7 |
|
|b 3119953000
|c PK-N-0028.449
|l MZK
|r Sklad / do 1 hodiny
|n 0
|w 000225707
|u 000050
|a 1
|e BOA001
|j MZK50
|s A
|
| 996 |
7 |
|
|b 3119969004
|c PK-N-0028.449
|l MZK
|r Sklad / do 1 hodiny
|n 7
|w 000225707
|u 000010
|a 1
|e BOA001
|j MZK50
|s A
|
| 996 |
6 |
|
|b BC-69703
|c TK-A-0243.670
|l MZK
|r Sklad / do 24 hodin
|n 0
|w 000225707
|u 000110
|a 1
|e BOA001
|j MZK50
|s P
|